000 00372nam a2200133 4500
001 15912
090 _a15912
100 _a20240424 pory50
200 _aAuto da barca do inferno
_fGil Vicente
210 _aPorto
_cAreal
_d[S.D.]
215 _a143 p.
_d16cm x 16cm
300 _aEdição escolar de Amélia Pinto Pais Oferta de Daiane
801 _aPT
_bBMA
_gRPC
990 _cLIVROS